000
00472nam a2200133Ia 4500
008
100328s9999 xx 000 0 und d
082
_b
18453
100
_a
जोशी ना.भा.
245
_a
सार्थ श्री तुलसी रामायण
260
_b
इंदिरा
630
_a
सार्थ श्री तुलसी रामायण
730
_a
सार्थ श्री तुलसी रामायण
942
_c
BOOK
999
_c
512870
_d
512867